| 000 | 01104cam a2200325 a 4500 | ||
|---|---|---|---|
| 001 | 2832272 | ||
| 003 | ARRUPE | ||
| 005 | 20160811153008.0 | ||
| 008 | 830727s1977 enk b 001 0 eng | ||
| 010 | _a 83178267 | ||
| 020 | _a0551007842 | ||
| 040 |
_aDLC _cDLC _dDLC |
||
| 050 | 0 | 0 |
_aBS1295.3 _b.G779 |
| 100 | 1 |
_aGray, John, _d1913-2000. _924864 |
|
| 245 | 1 | 0 |
_aJoshua, Judges, and Ruth / _cedited by John Gray. |
| 250 | _aRev. ed. | ||
| 260 |
_aLondon : _bThomas Nelson , _cc1967. |
||
| 300 |
_axii, 435p. ; _c23 cm. |
||
| 440 | 0 |
_aNew century Bible _924865 |
|
| 500 | _aIncludes index. | ||
| 504 | _aBibliography: p. [xi]-xii. | ||
| 630 | 0 | 0 |
_aBible. _pJoshua _xCommentaries. _924866 |
| 630 | 0 | 0 |
_aBible. _pJudges _xCommentaries. _924867 |
| 630 | 0 | 0 |
_aBible. _pRuth _xCommentaries. _924868 |
| 730 | 0 | 2 |
_aBible. _pJoshua. _lEnglish. _sRevised Standard. _f1977. _924869 |
| 730 | 0 | 2 |
_aBible. _pJudges. _lEnglish. _sRevised Standard. _f1977. _924870 |
| 730 | 0 | 2 |
_aBible. _pRuth. _lEnglish. _sRevised Standard. _f1977. _924871 |
| 906 |
_a7 _bcbc _corignew _d3 _encip _f19 _gy-gencatlg |
||
| 942 |
_2lcc _cMONOGRAPH |
||
| 999 |
_c124940 _d124940 |
||